000
00409nam a2200133Ia 4500
008
100328s9999 xx 000 0 und d
082
_b
14385
100
_a
मुणगेकर श्री.ग.
245
_a
निवडक परुळेकर -1
260
_b
सकाळ
630
_a
निवडक परुळेकर -1
730
_a
निवडक परुळेकर -1
942
_c
BOOK
999
_c
509360
_d
509357